[Event "Montreal-ch"]
[Site "Montreal CAN"]
[Date "2000.03.31"]
[Round "6"]
[White "Pnevmonidis, Pantelis"]
[Black "Bouchard, Jean-Marc"]
[Result "1-0"]
[WhiteElo "2114"]
[BlackElo "2026"]
[PlyCount "51"]
[GameId "2160767911732910"]
[EventDate "2000.03.23"]
[EventType "tourn"]
[EventRounds "7"]
[EventCountry "CAN"]

1. e4 e6 2. d4 d5 3. e5 Bd7 4. Nf3 a6 5. Bd3 Bb5 6. O-O Bxd3 7. Qxd3 Ne7 8. Nc3 Nf5 9. Ne2 Nd7 10. Bg5 Qb8 11. Nh4 Ne7 12. Qh3 c5 13. c3 Qa7 14. f4 cxd4 15. cxd4 O-O-O 16. f5 f6 17. Be3 exf5 18. e6 Nb6 19. Nxf5 g6 20. Rac1+ Kb8 21. Bf4+ Ka8 22. Nd6 g5 23. Nf7 gxf4 24. Nxd8 Nc4 25. Rxf4 h5 26. Nf7 1-0

[Event "Montreal-ch"]
[Site "Montreal CAN"]
[Date "2000.03.31"]
[Round "7"]
[White "Gagnon, Michel"]
[Black "Gulko, Andrei"]
[Result "1-0"]
[WhiteElo "2199"]
[BlackElo "1926"]
[PlyCount "53"]
[GameId "2160767911732912"]
[EventDate "2000.03.23"]
[EventType "tourn"]
[EventRounds "7"]
[EventCountry "CAN"]

1. d4 Nf6 2. Nf3 d5 3. e3 e6 4. Bd3 c5 5. c3 Nc6 6. Nbd2 Bd6 7. O-O O-O 8. dxc5 Bxc5 9. e4 Qc7 10. Qe2 Bd6 11. Re1 Ng4 12. h3 Nge5 13. exd5 exd5 14. Nxe5 Nxe5 15. Nf3 Nxf3+ 16. Qxf3 Be6 17. Be3 Bc5 18. Bxc5 Qxc5 19. Re5 Qb6 20. b3 Qc7 21. Rae1 Rac8 22. R1e3 Rfd8 23. Qh5 g6 24. Qh6 Re8 25. f4 Bd7 26. f5 Rxe5 27. f6 1-0

[Event "Montreal-ch"]
[Site "Montreal CAN"]
[Date "2000.03.31"]
[Round "7"]
[White "Leutschaft, Martin"]
[Black "Pnevmonidis, Pantelis"]
[Result "0-1"]
[WhiteElo "2120"]
[BlackElo "2114"]
[PlyCount "118"]
[GameId "2160767911732914"]
[EventDate "2000.03.23"]
[EventType "tourn"]
[EventRounds "7"]
[EventCountry "CAN"]

1. e4 c5 2. Nf3 d6 3. d4 cxd4 4. Nxd4 Nf6 5. Nc3 e6 6. g4 Nc6 7. g5 Nd7 8. Be3 a6 9. h4 Be7 10. Qe2 O-O 11. g6 hxg6 12. h5 g5 13. O-O-O Nde5 14. h6 g6 15. f4 gxf4 16. Bxf4 Kh7 17. Kb1 Bf6 18. Bh3 Qe7 19. Be3 Bd7 20. Rdf1 Bh8 21. Rhg1 Nxd4 22. Bxd4 b5 23. Qf2 b4 24. Nd1 Bb5 25. Re1 Rac8 26. Ne3 Nd3 27. cxd3 Bxd3+ 28. Ka1 Bxd4 29. Qd2 Bxe3 30. Rxe3 Bb5 31. Qd4 e5 32. Qxb4 Rc4 33. Qd2 Qc7 34. Ree1 Rd4 35. Qg5 Qd8 36. Qg2 Bd7 37. Bf5 Rg8 38. Bxd7 Qxd7 39. Qf1 a5 40. Rg3 Rf8 41. Qf6 Rg8 42. Rf3 Qe6 43. Qg5 f5 44. Rc3 Rf8 45. Rc7+ Rf7 46. exf5 gxf5 47. Qd8 Rxc7 48. Qxc7+ Kxh6 49. Rh1+ Kg5 50. a3 Rg4 51. Qxa5 e4 52. Qd8+ Kf4 53. Qb6 e3 54. Qd4+ Kf3 55. Qd1+ e2 56. Qd3+ Kf2 57. Qd2 Rg1+ 58. Rxg1 Kxg1 59. Qe1+ Kg2 0-1

[Event "New Millenium"]
[Site "Toronto CAN"]
[Date "2000.02.02"]
[Round "5"]
[White "Vucko, Ignac"]
[Black "Boross-Harmer, Peter"]
[Result "0-1"]
[WhiteElo "2040"]
[BlackElo "2013"]
[PlyCount "66"]
[GameId "2160767911741560"]
[EventDate "2000.01.05"]
[EventType "swiss"]
[EventRounds "5"]
[EventCountry "CAN"]
[SourceTitle "CFC 2000.04"]
[Source "CFC"]
[SourceDate "2000.04.??"]
[SourceVersionDate "2000.04.??"]
[SourceQuality "1"]

1. Nf3 d5 2. d4 Nf6 3. g3 Bg4 4. Bg2 e6 5. O-O Bd6 6. c4 c6 7. c5 Bc7 8. Qb3 b6 9. a4 Nbd7 10. cxb6 axb6 11. Qc2 c5 12. dxc5 Bf5 13. Qc3 bxc5 14. Bg5 O-O 15. Nbd2 Ba5 16. Qe3 Qb6 17. b3 Ng4 18. Qf4 f6 19. Bh4 g5 20. Bxg5 fxg5 21. Qxg5+ Kh8 22. h3 Rg8 23. Qh4 Ngf6 24. g4 Nxg4 25. hxg4 Rxg4 26. Qe7 Rag8 27. Qxd7 Rxg2+ 28. Kh1 Bxd2 29. Nxd2 Qb4 30. Nf3 Qf4 31. Qe7 Be4 32. Qh4 Qxh4+ 33. Nxh4 R2g4+ 0-1

[Event "New Year op"]
[Site "Vancouver CAN"]
[Date "2000.01.15"]
[Round "2"]
[White "Williamson, Jason"]
[Black "Stockhausen, Peter"]
[Result "1-0"]
[WhiteElo "2075"]
[BlackElo "1700"]
[PlyCount "57"]
[GameId "2160767911741479"]
[EventDate "2000.01.15"]
[EventType "swiss"]
[EventRounds "5"]
[EventCountry "CAN"]

1. e4 d5 2. exd5 Qxd5 3. Nc3 Qa5 4. d4 e5 5. Nf3 Bg4 6. Be2 Bb4 7. O-O Nd7 8. Nxe5 Bxe2 9. Qxe2 Nxe5 10. Qxe5+ Qxe5 11. dxe5 Bxc3 12. bxc3 O-O-O 13. Be3 a6 14. Rad1 Ne7 15. Rd3 Nc6 16. f4 Rd7 17. Rfd1 Rhd8 18. Bf2 Rxd3 19. cxd3 Rd5 20. d4 b5 21. Kf1 Kd7 22. Ke2 Ke6 23. g4 f5 24. exf6 Kxf6 25. Kf3 Na5 26. Re1 Nc4 27. Bh4+ Kg6 28. f5+ Kh6 29. Kf4 1-0

[Event "O'Keefe"]
[Site "Ottawa CAN"]
[Date "2000.10.05"]
[Round "4"]
[White "Pacey, Kevin"]
[Black "Hubley, Roger"]
[Result "1-0"]
[WhiteElo "2345"]
[BlackElo "2079"]
[PlyCount "57"]
[GameId "2160767911644260"]
[EventDate "2000.09.14"]
[EventType "swiss"]
[EventRounds "7"]
[EventCountry "CAN"]

1. e4 c5 2. Nf3 Nc6 3. d4 cxd4 4. Nxd4 Nf6 5. Nc3 e6 6. Ndb5 d6 7. Bf4 e5 8. Bg5 a6 9. Na3 b5 10. Bxf6 gxf6 11. Nd5 f5 12. Nxb5 axb5 13. Bxb5 Bd7 14. exf5 Qa5+ 15. c3 Be7 16. a4 Nb8 17. b4 Qa7 18. O-O Qb7 19. c4 Bxb5 20. cxb5 Nd7 21. a5 Bd8 22. b6 Rg8 23. g3 h5 24. b5 Rg4 25. a6 Qb8 26. b7 Ra7 27. Qc2 Rxb7 28. axb7 Qxb7 29. Qc6 1-0

[Event "Ontario op"]
[Site "Toronto CAN"]
[Date "2000.05.21"]
[Round "3"]
[White "Bluvshtein, Mark"]
[Black "Livshits, Ron"]
[Result "1/2-1/2"]
[WhiteElo "2264"]
[BlackElo "2523"]
[PlyCount "51"]
[GameId "2160767911711840"]
[EventDate "2000.05.20"]
[EventType "swiss"]
[EventRounds "6"]
[EventCountry "CAN"]
[SourceTitle "CFC 2001.04"]
[Source "CFC"]
[SourceDate "2001.04.??"]
[SourceVersionDate "2001.04.??"]
[SourceQuality "1"]

1. e4 c5 2. Nf3 d6 3. d4 cxd4 4. Nxd4 Nf6 5. Nc3 a6 6. f4 e6 7. Be3 Be7 8. Be2 Qc7 9. O-O b5 10. Bf3 Bb7 11. e5 dxe5 12. Bxb7 Qxb7 13. fxe5 Nfd7 14. Qg4 g6 15. Nxe6 fxe6 16. Qxe6 Qc6 17. Qf7+ Kd8 18. Nd5 Bc5 19. e6 Bxe3+ 20. Nxe3 Qc5 21. Rad1 Qxe3+ 22. Kh1 Kc7 23. Rfe1 Qc5 24. e7 Qf5 25. e8=Q Rxe8 26. Qxe8 1/2-1/2

[Event "Ottawa op"]
[Site "Ottawa CAN"]
[Date "2000.09.16"]
[Round "1"]
[White "Veltmann, Alfred"]
[Black "Daku, Zoltan"]
[Result "1/2-1/2"]
[WhiteElo "1753"]
[BlackElo "1664"]
[PlyCount "95"]
[GameId "2160767911644229"]
[EventDate "2000.09.16"]
[EventType "swiss"]
[EventRounds "5"]
[EventCountry "CAN"]

1. e4 e5 2. Nf3 Nc6 3. Bb5 d6 4. O-O Be7 5. Re1 Bd7 6. c3 a6 7. Ba4 Nf6 8. d4 exd4 9. cxd4 Nb8 10. Bc2 Nc6 11. a3 Bg4 12. Qd3 Bxf3 13. gxf3 Qd7 14. Nc3 O-O-O 15. b4 b5 16. f4 Qg4+ 17. Kh1 Qh4 18. Qg3 Qxg3 19. fxg3 Nxd4 20. Bd1 h5 21. Be3 Ne6 22. a4 Ng4 23. Nd5 Bf6 24. Nxf6 gxf6 25. axb5 Nxe3 26. Rxe3 axb5 27. Rd3 h4 28. Kg2 hxg3 29. hxg3 Rdg8 30. Kf3 Kd7 31. Be2 Rh3 32. Rg1 Ra8 33. e5 fxe5 34. fxe5 Ra4 35. exd6 cxd6 36. Rgd1 Rxb4 37. Rxd6+ Ke7 38. R6d5 Rb3+ 39. R1d3 Rxd3+ 40. Bxd3 b4 41. Kg2 Rh8 42. Rb5 Rd8 43. Bc4 Rd2+ 44. Kh3 Rb2 45. Kg4 Kf6 46. Rb7 Rb1 47. Ba2 Rb2 48. Bc4 1/2-1/2

[Event "Ottawa op"]
[Site "Ottawa CAN"]
[Date "2000.09.16"]
[Round "2"]
[White "Pacey, Kevin"]
[Black "Ferguson, Jim"]
[Result "1/2-1/2"]
[WhiteElo "2338"]
[BlackElo "2200"]
[PlyCount "121"]
[GameId "2160767911644230"]
[EventDate "2000.09.16"]
[EventType "swiss"]
[EventRounds "5"]
[EventCountry "CAN"]

1. c4 g6 2. d4 Bg7 3. e4 d6 4. Nc3 Nf6 5. g3 O-O 6. Bg2 Nbd7 7. Nge2 e5 8. d5 a5 9. O-O Nc5 10. h3 Ne8 11. f4 exf4 12. Bxf4 Nf6 13. Qd2 Qe7 14. Bg5 h6 15. Bxh6 Nfxe4 16. Qe3 Bxh6 17. Qxh6 Bd7 18. Rae1 Qg5 19. Qxg5 Nxg5 20. h4 Nh7 21. Nd4 Rfe8 22. b3 Rxe1 23. Rxe1 Nf6 24. Ncb5 Rc8 25. Bf3 Re8 26. Rxe8+ Nxe8 27. Kf2 Nd3+ 28. Ke3 Ne5 29. Be2 Kf8 30. Kf4 Ke7 31. g4 c6 32. Nc3 Nf6 33. g5 Nh7 34. dxc6 bxc6 35. Ne4 f6 36. c5 fxg5+ 37. hxg5 dxc5 38. Nxc5 Nf7 39. Nf3 Bf5 40. Bc4 Nd8 41. Bg8 Nf8 42. Ke5 Nfe6 43. Bxe6 Bxe6 44. Nh4 Bf7 45. Ng2 Ne6 46. Nxe6 Bxe6 47. Nf4 Bf5 48. Ne2 Bd7 49. Nd4 c5 50. Ne2 a4 51. bxa4 Bxa4 52. Kd5 c4 53. Kxc4 Ke6 54. Nd4+ Ke5 55. Kc5 Bd7 56. Nc6+ Kf4 57. a4 Kxg5 58. a5 Bc8 59. Ne7 Ba6 60. Kb6 Bf1 61. a6 1/2-1/2

[Event "Ottawa op"]
[Site "Ottawa CAN"]
[Date "2000.09.16"]
[Round "2"]
[White "Rioux, Richard"]
[Black "Veltmann, Alfred"]
[Result "1-0"]
[WhiteElo "1676"]
[BlackElo "1753"]
[PlyCount "66"]
[GameId "2160767911644231"]
[EventDate "2000.09.16"]
[EventType "swiss"]
[EventRounds "5"]
[EventCountry "CAN"]

1. c4 Nf6 2. Nc3 c5 3. Nf3 Nc6 4. g3 e5 5. Bg2 d6 6. O-O Rb8 7. b3 g6 8. Bb2 Bg7 9. Rb1 O-O 10. d3 Bg4 11. Ne1 Qd7 12. Qd2 Rfe8 13. Nc2 Nd4 14. f3 Bh3 15. e4 Bxg2 16. Qxg2 Nxc2 17. Qxc2 Bh6 18. Bc1 Bxc1 19. Rbxc1 Kg7 20. Qg2 Nh5 21. Nd5 Rf8 22. f4 exf4 23. g4 Nf6 24. Nxf6 Kxf6 25. Rxf4+ Kg7 26. Rcf1 b6 27. g5 h5 28. gxh6+ Kxh6 29. Qg3 Qe6 30. Rh4+ Kg7 31. Qf2 f5 32. exf5 gxf5 33. Qg3+ Kf6 1-0

[Event "Ottawa op"]
[Site "Ottawa CAN"]
[Date "2000.09.17"]
[Round "4"]
[White "Schofield, Mike"]
[Black "Veltmann, Alfred"]
[Result "1-0"]
[WhiteElo "1753"]
[BlackElo "1614"]
[PlyCount "108"]
[GameId "2160767911644233"]
[EventDate "2000.09.16"]
[EventType "swiss"]
[EventRounds "5"]
[EventCountry "CAN"]

1. e4 e5 2. Nf3 Nc6 3. Bb5 Nf6 4. O-O Bc5 5. c3 O-O 6. d4 exd4 7. cxd4 Bb6 8. d5 Ne7 9. Nc3 d6 10. Bg5 Nd7 11. Qc2 h6 12. Bh4 a6 13. Ba4 Nc5 14. b4 Nxa4 15. Nxa4 Ba7 16. Rac1 Bb8 17. Nb2 b5 18. Nd3 Qd7 19. e5 Nxd5 20. exd6 cxd6 21. Bg3 Bb7 22. a3 Nb6 23. Qd1 Nc4 24. Nc5 Qc6 25. Nxb7 Qxb7 26. Qd3 Bc7 27. Nd2 d5 28. Bxc7 Qxc7 29. Nf3 Rad8 30. Nd4 Qf4 31. g3 Qe4 32. Qxe4 dxe4 33. Nf5 Rfe8 34. Rc3 Rd3 35. Rfc1 Kf8 36. Ne3 Rxc3 37. Rxc3 Nxe3 38. Rxe3 f5 39. Rc3 Kf7 40. Kf1 Re6 41. f4 exf3 42. Rxf3 g6 43. Kf2 Ke7 44. Rc3 Kd7 45. Kf3 Re4 46. h3 h5 47. h4 Rc4 48. Rxc4 bxc4 49. Ke3 c3 50. Kd3 c2 51. Kxc2 Kd6 52. a4 Kd5 53. Kd3 Ke5 54. b5 a5 1-0

[Event "Ottawa op"]
[Site "Ottawa CAN"]
[Date "2000.09.17"]
[Round "4"]
[White "Voloaca, Mihnea"]
[Black "Pacey, Kevin"]
[Result "0-1"]
[WhiteElo "2226"]
[BlackElo "2338"]
[PlyCount "61"]
[GameId "2160767911644234"]
[EventDate "2000.09.16"]
[EventType "swiss"]
[EventRounds "5"]
[EventCountry "CAN"]

1. d4 e6 2. c4 Nf6 3. Nf3 d5 4. Nc3 Bb4 5. Qa4+ Nc6 6. Bg5 h6 7. Bh4 dxc4 8. a3 Bxc3+ 9. bxc3 Qd5 10. Bxf6 gxf6 11. g3 Bd7 12. Qc2 f5 13. Bg2 Na5 14. a4 Bc6 15. O-O O-O-O 16. Nh4 Qd7 17. d5 Bxd5 18. Rad1 c6 19. f3 f4 20. gxf4 Qe7 21. Ng6 fxg6 22. e4 Qf6 23. exd5 cxd5 24. Rfe1 Kb8 25. Re2 Nb3 26. Rde1 Nc5 27. a5 Nd3 28. Rb1 Nxf4 29. Rxb7+ Kxb7 30. a6+ Kc7 31. Re1 0-1

[Event "Ottawa op"]
[Site "Ottawa CAN"]
[Date "2000.09.17"]
[Round "5"]
[White "Villeneuve, Luc"]
[Black "Veltmann, Alfred"]
[Result "0-1"]
[WhiteElo "1613"]
[BlackElo "1753"]
[PlyCount "50"]
[GameId "2160767911644236"]
[EventDate "2000.09.16"]
[EventType "swiss"]
[EventRounds "5"]
[EventCountry "CAN"]

1. e4 e5 2. Nf3 Nc6 3. Bc4 Nf6 4. Ng5 d5 5. exd5 Nd4 6. Bb5+ Nxb5 7. Qe2 Nd6 8. Qxe5+ Qe7 9. d4 Nxd5 10. O-O Qxe5 11. dxe5 Nc4 12. f4 Bc5+ 13. Kh1 Nde3 14. Bxe3 Nxe3 15. Rf2 Bf5 16. Na3 Ng4 17. Re2 Nf2+ 18. Kg1 Nh3+ 19. Kf1 Nxf4 20. Rd2 Ne6 21. Nf3 h6 22. c3 Rd8 23. Rxd8+ Kxd8 24. b4 Bb6 25. Nc4 Bd3+ 0-1

[Event "Outaouais op"]
[Site "Hull CAN"]
[Date "2000.11.03"]
[Round "1"]
[White "De Kerpel, Stijn"]
[Black "Simic, Dusan"]
[Result "1-0"]
[WhiteElo "1991"]
[BlackElo "2355"]
[PlyCount "81"]
[GameId "2160767911635769"]
[EventDate "2000.11.03"]
[EventType "swiss"]
[EventRounds "5"]
[EventCountry "CAN"]

1. c4 Nf6 2. g3 g6 3. Bg2 Bg7 4. Nc3 O-O 5. d3 d6 6. e4 c5 7. Nge2 Nc6 8. O-O Rb8 9. h3 a6 10. f4 Nd4 11. Rb1 e6 12. Nxd4 cxd4 13. Ne2 Ne8 14. b4 b5 15. cxb5 axb5 16. Bb2 Qb6 17. g4 e5 18. Qd2 Nc7 19. f5 f6 20. Ng3 g5 21. Bf3 Bd7 22. Rbc1 Rfc8 23. h4 h6 24. hxg5 hxg5 25. Bd1 Be8 26. Bb3+ Bf7 27. Bxf7+ Kxf7 28. Qd1 Bf8 29. Qb3+ d5 30. exd5 Ke8 31. Rc6 Qb7 32. Rfc1 Na6 33. Re6+ Kd8 34. Rcc6 Nc7 35. Rxf6 Be7 36. Rh6 Ne8 37. Ne4 Qd7 38. Bc1 Rxc6 39. dxc6 Qc7 40. Nxg5 Kc8 41. Qe6+ 1-0

[Event "Outaouais op"]
[Site "Hull CAN"]
[Date "2000.11.03"]
[Round "1"]
[White "Lemay, Francois"]
[Black "Paquette, J-C"]
[Result "1/2-1/2"]
[WhiteElo "1632"]
[BlackElo "1441"]
[PlyCount "62"]
[GameId "2160767911635771"]
[EventDate "2000.11.03"]
[EventType "swiss"]
[EventRounds "5"]
[EventCountry "CAN"]

1. e4 e6 2. d4 d5 3. exd5 exd5 4. Nf3 Nf6 5. Nc3 Be7 6. Bd3 O-O 7. O-O Bg4 8. Bf4 c6 9. Ne2 Nbd7 10. Kh1 Bxf3 11. gxf3 Kh8 12. Rg1 Rg8 13. c3 g6 14. Qc2 Nh5 15. Bg3 Ndf6 16. Be5 Bd6 17. Bg3 Qc7 18. Rae1 Rae8 19. Qd2 Nxg3+ 20. hxg3 Qd7 21. Kg2 Rg7 22. Rh1 Ng8 23. Rh2 f5 24. Reh1 Nf6 25. Qg5 Qf7 26. Qd2 Qd7 27. Ng1 Ree7 28. Nh3 Qe8 29. Nf4 Bxf4 30. Qxf4 Qg8 31. Qd2 Qe8 1/2-1/2

[Event "Outaouais op"]
[Site "Hull CAN"]
[Date "2000.11.03"]
[Round "1"]
[White "Pnevmonidis, Pantelis"]
[Black "Predescu, Marian"]
[Result "1-0"]
[WhiteElo "2140"]
[BlackElo "1958"]
[PlyCount "65"]
[GameId "2160767911635772"]
[EventDate "2000.11.03"]
[EventType "swiss"]
[EventRounds "5"]
[EventCountry "CAN"]

1. d4 Nf6 2. Nf3 g6 3. Bg5 Bg7 4. e3 d6 5. Nbd2 O-O 6. Bd3 Nbd7 7. O-O c6 8. c3 Qc7 9. b4 e5 10. dxe5 dxe5 11. e4 c5 12. b5 b6 13. Nc4 Bb7 14. Qc2 a6 15. a4 axb5 16. axb5 Rxa1 17. Rxa1 Ra8 18. Rxa8+ Bxa8 19. Qa2 Bb7 20. Qa7 Ne8 21. Nfd2 f6 22. Be3 Kf7 23. Bc2 Ke7 24. Qa2 Nd6 25. Nxd6 Qxd6 26. Qg8 Bf8 27. Qxh7+ Kd8 28. Qxg6 Be7 29. Qg8+ Nf8 30. Nc4 Qd7 31. f3 Qxb5 32. Bh6 Ke8 33. Bxf8 1-0

[Event "Outaouais op"]
[Site "Hull CAN"]
[Date "2000.11.04"]
[Round "2"]
[White "Brice, Ron"]
[Black "Pnevmonidis, Pantelis"]
[Result "0-1"]
[WhiteElo "2125"]
[BlackElo "2140"]
[PlyCount "100"]
[GameId "2160767911635774"]
[EventDate "2000.11.03"]
[EventType "swiss"]
[EventRounds "5"]
[EventCountry "CAN"]

1. c4 c6 2. b3 d5 3. Bb2 Bg4 4. g3 Nd7 5. Bg2 e6 6. Nf3 Ngf6 7. O-O Bd6 8. d3 O-O 9. Nbd2 Re8 10. a3 a5 11. h3 Bh5 12. Qc2 Qb6 13. Kh1 Qa7 14. e4 dxe4 15. dxe4 e5 16. b4 b6 17. Bc3 Red8 18. Rfe1 Qc7 19. Nh4 Bf8 20. Nf5 Ne8 21. g4 Bg6 22. Nf3 f6 23. Rab1 Bf7 24. Bd2 Nd6 25. Nxd6 Bxd6 26. Be3 axb4 27. axb4 Be7 28. Red1 Nf8 29. Rxd8 Qxd8 30. c5 bxc5 31. Bxc5 Bxc5 32. Qxc5 Qd3 33. Rc1 Bg6 34. Qc4+ Qxc4 35. Rxc4 Ra1+ 36. Kh2 Be8 37. g5 Ne6 38. gxf6 gxf6 39. Nh4 Rb1 40. Nf5 Kf8 41. Bf3 Nf4 42. Ne3 Nd3 43. Nc2 Nxf2 44. Rc3 Nd1 45. Rd3 Nb2 46. Rb3 Bf7 47. Rc3 Rc1 48. Rxc6 Be8 49. Rc7 Nd3 50. Nd4 exd4 0-1

[Event "Outaouais op"]
[Site "Hull CAN"]
[Date "2000.11.04"]
[Round "2"]
[White "Voloaca, Mihnea"]
[Black "De Kerpel, Stijn"]
[Result "1/2-1/2"]
[WhiteElo "2114"]
[BlackElo "1991"]
[PlyCount "21"]
[GameId "2160767911635778"]
[EventDate "2000.11.03"]
[EventType "swiss"]
[EventRounds "5"]
[EventCountry "CAN"]

1. d4 d5 2. c4 dxc4 3. e3 Nf6 4. Bxc4 e6 5. Nf3 c5 6. O-O Nc6 7. Qe2 Be7 8. Rd1 cxd4 9. exd4 O-O 10. Nc3 Nb4 11. Bg5 1/2-1/2

[Event "Outaouais op"]
[Site "Hull CAN"]
[Date "2000.11.04"]
[Round "3"]
[White "Gagnon, Fabien"]
[Black "De Kerpel, Stijn"]
[Result "1-0"]
[WhiteElo "2097"]
[BlackElo "1991"]
[PlyCount "83"]
[GameId "2160767911635779"]
[EventDate "2000.11.03"]
[EventType "swiss"]
[EventRounds "5"]
[EventCountry "CAN"]

1. d4 d5 2. Nf3 Nf6 3. e3 e6 4. Bd3 c5 5. c3 Nc6 6. Nbd2 Qc7 7. O-O Be7 8. b3 O-O 9. Bb2 e5 10. dxe5 Nxe5 11. Nxe5 Qxe5 12. Nf3 Qh5 13. c4 dxc4 14. Bxc4 Bf5 15. Ne5 Qxd1 16. Raxd1 Rad8 17. Rxd8 Bxd8 18. Rd1 Be7 19. f3 Bg6 20. Nxg6 hxg6 21. Bxf6 Bxf6 22. Rd7 Rb8 23. Rxf7 Kh7 24. Bd5 b5 25. Rc7 Rd8 26. Rxc5 a6 27. Kf1 Be7 28. Rc7 Rxd5 29. Rxe7 Rd2 30. a4 bxa4 31. bxa4 Ra2 32. Re4 Kg8 33. h4 Kf7 34. Kg1 Kf6 35. Kh2 Rb2 36. Kh3 a5 37. g3 Ra2 38. Kg4 Rc2 39. Kf4 Rb2 40. Rc4 Rb6 41. e4 Kf7 42. Rc7+ 1-0

[Event "Outaouais op"]
[Site "Hull CAN"]
[Date "2000.11.04"]
[Round "3"]
[White "Predescu, Sebastian"]
[Black "Cote, Jacques"]
[Result "0-1"]
[WhiteElo "1699"]
[BlackElo "2093"]
[PlyCount "46"]
[GameId "2160767911635781"]
[EventDate "2000.11.03"]
[EventType "swiss"]
[EventRounds "5"]
[EventCountry "CAN"]

1. d4 f5 2. Nf3 Nf6 3. Bf4 d6 4. e3 g6 5. Nbd2 Bg7 6. c3 O-O 7. Be2 Qe8 8. Qb3+ Kh8 9. O-O-O h6 10. h4 Ng4 11. Bg3 e5 12. Rde1 Nd7 13. Nh2 Nxh2 14. Bxh2 Nb6 15. f3 Be6 16. Qc2 c5 17. dxe5 dxe5 18. Kb1 Qf7 19. a3 Rfd8 20. g4 Rac8 21. Reg1 fxg4 22. fxg4 Qf2 23. Nf1 Qe1+ 0-1

[Event "Outaouais op"]
[Site "Hull CAN"]
[Date "2000.11.05"]
[Round "4"]
[White "Brice, Ron"]
[Black "Gagnon, Fabien"]
[Result "1-0"]
[WhiteElo "2125"]
[BlackElo "2097"]
[PlyCount "113"]
[GameId "2160767911635782"]
[EventDate "2000.11.03"]
[EventType "swiss"]
[EventRounds "5"]
[EventCountry "CAN"]

1. c4 g6 2. g3 Bg7 3. Bg2 Nf6 4. Nc3 O-O 5. e4 c6 6. Nge2 d6 7. O-O Bg4 8. f3 Be6 9. d3 Qc8 10. Nf4 Bd7 11. Be3 e5 12. Nfe2 Bh3 13. Qd2 Bxg2 14. Kxg2 Na6 15. d4 Nd7 16. d5 Nb6 17. b3 cxd5 18. cxd5 Qd7 19. Rac1 Rac8 20. a4 Nc5 21. Bxc5 Rxc5 22. Nb5 a6 23. Na3 Rfc8 24. a5 Na8 25. b4 Rxc1 26. Rxc1 Rxc1 27. Qxc1 Qc7 28. Qxc7 Nxc7 29. Nc3 Bh6 30. Nc4 Ne8 31. b5 Kf8 32. bxa6 bxa6 33. Na2 Ke7 34. Nb4 Nc7 35. Kh3 Bf8 36. Kg4 f6 37. f4 h5+ 38. Kf3 Bh6 39. fxe5 fxe5 40. Kg2 Bg7 41. g4 hxg4 42. Kg3 Bf8 43. Kxg4 Kf6 44. h4 Be7 45. h5 gxh5+ 46. Kxh5 Bf8 47. Nb6 Bg7 48. Nd7+ Ke7 49. Nb8 Kd8 50. N8xa6 Nxa6 51. Nxa6 Kc8 52. Kg6 Bf8 53. Nb4 Be7 54. Kf7 Bd8 55. Nc6 Bc7 56. Ke6 Kb7 57. Kd7 1-0

[Event "Outaouais op"]
[Site "Hull CAN"]
[Date "2000.11.05"]
[Round "4"]
[White "Pnevmonidis, Pantelis"]
[Black "Kirby, Patrick"]
[Result "1/2-1/2"]
[WhiteElo "2140"]
[BlackElo "1861"]
[PlyCount "117"]
[GameId "2160767911635784"]
[EventDate "2000.11.03"]
[EventType "swiss"]
[EventRounds "5"]
[EventCountry "CAN"]

1. d4 Nf6 2. c4 e6 3. Nc3 Bb4 4. Qc2 d5 5. cxd5 Qxd5 6. Nf3 O-O 7. Bd2 Bxc3 8. Bxc3 b6 9. g3 Bb7 10. Bg2 Qf5 11. Qxf5 exf5 12. O-O Re8 13. e3 Nbd7 14. Rfd1 Rad8 15. Rac1 Ne4 16. Bb4 Rc8 17. Bh3 g6 18. Ne1 c5 19. dxc5 Nexc5 20. Bf1 Red8 21. Nc2 Ne5 22. Nd4 Ned3 23. Bxd3 Nxd3 24. Rxc8 Rxc8 25. Bc3 Nc5 26. Nb5 Ne4 27. Bd4 Rc2 28. Be5 Rd2 29. Rxd2 Nxd2 30. Bb8 a6 31. Nd6 Bc6 32. Nc8 Nf3+ 33. Kg2 Kg7 34. Nxb6 Ng5+ 35. Kf1 Bb5+ 36. Ke1 Nf3+ 37. Kd1 Nxh2 38. a4 Bc6 39. Kd2 Ng4 40. Ke2 h5 41. b3 f6 42. Nc4 g5 43. f3 Nh2 44. Nd2 g4 45. fxg4 fxg4 46. Nb1 Nf3 47. Nc3 Ng5 48. Kd3 Ne6 49. b4 Kg6 50. b5 axb5 51. axb5 Ba8 52. b6 f5 53. Nb5 Nc5+ 54. Kd4 Nd7 55. Bc7 h4 56. gxh4 g3 57. Bxg3 Nxb6 58. Bc7 Nd7 59. Bd8 1/2-1/2

[Event "Outaouais op"]
[Site "Hull CAN"]
[Date "2000.??.??"]
[Round "5"]
[White "Gebhardt, David"]
[Black "Trinh, Tri Bao"]
[Result "0-1"]
[WhiteElo "1860"]
[BlackElo "1790"]
[PlyCount "72"]
[GameId "2160767739579374"]
[EventDate "2000.11.03"]
[EventType "swiss"]
[EventRounds "5"]
[EventCountry "CAN"]
[SourceTitle "EXT 2003"]
[Source "ChessBase"]
[SourceDate "2002.11.25"]
[SourceVersion "1"]
[SourceVersionDate "2002.11.25"]
[SourceQuality "1"]

1. e4 d6 2. d4 Nf6 3. Nc3 g6 4. Nf3 Bg7 5. Be2 O-O 6. Bg5 Nc6 7. Qd2 e5 8. d5 Ne7 9. O-O-O Ng4 10. Bd3 f6 11. h3 fxg5 12. hxg4 h6 13. Nxg5 hxg5 14. Qxg5 Rf4 15. f3 Bd7 16. Ne2 Rf7 17. Rh2 Bf6 18. Qh6 Qf8 19. Qh3 Qg7 20. Rdh1 Kf8 21. Qg3 Bg5+ 22. Kb1 Ng8 23. Rh3 Ke7 24. Qh2 Rff8 25. b3 a5 26. a4 Rad8 27. Qg1 b6 28. Nc3 Qf6 29. Bb5 Bxb5 30. Nxb5 Qf4 31. Na7 Qe3 32. Qf1 Qc5 33. Qa6 Nf6 34. Qb7 Be3 35. Rh8 Bd4 36. Rxf8 Rxf8 {temps} 0-1

[Event "Outaouais op"]
[Site "Hull CAN"]
[Date "2000.11.05"]
[Round "5"]
[White "Lacroix, Michel"]
[Black "Bergeron, Michel"]
[Result "1/2-1/2"]
[WhiteElo "1344"]
[BlackElo "1657"]
[PlyCount "55"]
[GameId "2160767911635787"]
[EventDate "2000.11.03"]
[EventType "swiss"]
[EventRounds "5"]
[EventCountry "CAN"]

1. e4 e6 2. Qe2 c5 3. Nf3 b6 4. d4 cxd4 5. Nxd4 Bc5 6. Be3 Ne7 7. Qg4 O-O 8. c3 f5 9. exf5 exf5 10. Qf3 d5 11. b4 Bd6 12. Bc4 Be5 13. Bd3 Nbc6 14. Nxc6 Nxc6 15. Bf4 Bf6 16. b5 Nb4 17. Kd2 Nxd3 18. Qxd3 g5 19. Be3 Bb7 20. Bd4 Qd6 21. a4 Rac8 22. Na3 Qf4+ 23. Qe3 Bxd4 24. cxd4 Qe4 25. Qxg5+ Kf7 26. Qh5+ Kg7 27. Qg5+ Kf7 28. Qh5+ 1/2-1/2

[Event "Outaouais op"]
[Site "Hull CAN"]
[Date "2000.11.05"]
[Round "5"]
[White "Laurin, Jacques"]
[Black "Danilov, Alex"]
[Result "1-0"]
[WhiteElo "1957"]
[BlackElo "1766"]
[PlyCount "55"]
[GameId "2160767911635788"]
[EventDate "2000.11.03"]
[EventType "swiss"]
[EventRounds "5"]
[EventCountry "CAN"]

1. c4 e5 2. g3 Nf6 3. Bg2 d5 4. cxd5 Nxd5 5. Nc3 Nb6 6. b3 Be7 7. Bb2 O-O 8. Rc1 c6 9. Nf3 f6 10. d4 N8d7 11. dxe5 fxe5 12. O-O Qe8 13. a4 a5 14. e4 Qh5 15. h3 Nf6 16. g4 Nxg4 17. Nxe5 Qxe5 18. hxg4 Qf4 19. Ne2 Qxg4 20. f3 Qg6 21. Qd4 c5 22. Qf2 Be6 23. f4 Bxb3 24. Rc3 Qf7 25. Rg3 g6 26. f5 Nd7 27. Qe3 g5 28. Rxg5+ 1-0